[Event "Denver CC Tribute to MLK"]
[Site "Denver"]
[Date "2023.01.??"]
[Round "2"]
[White "Matviishen, Viktor"]
[Black "Langseth, Rhett"]
[Result "1-0"]
[WhiteElo "2533"]
[BlackElo "1852"]
[PlyCount "65"]
[EventDate "2023.01.14"]
[EventType "swiss"]
[EventRounds "5"]
[EventCountry "USA"]
[SourceTitle "EXT 2024"]
[Source "ChessBase"]
[SourceDate "2023.10.10"]
[SourceVersion "1"]
[SourceVersionDate "2023.10.10"]
[SourceQuality "1"]

1. c4 Nf6 2. Nc3 d6 3. d4 Nbd7 4. Nf3 e5 5. e4 exd4 6. Nxd4 Nc5 7. f3 a5 8. Be3 Be7 9. Be2 0-0 10. 0-0 Re8 11. Qd2 c6 12. Rad1 Qc7 13. g4 Bf8 14. g5 Nfd7 15. Nf5 Re6 16. h4 g6 17. Nh6+ Bxh6 18. gxh6 b6 19. Bf4 Qd8 20. Qe1 Qf8 21. Qg3 Nf6 22. Bxd6 Nh5 23. Bxf8 Nxg3 24. Bxc5 Ba6 25. Bxb6 Nxf1 26. Kxf1 Re5 27. f4 Ree8 28. e5 Bc8 29. Ne4 Bh3+ 30. Kf2 Reb8 31. c5 Be6 32. a3 Rb7 33. Rd6 1-0

[Event "Denver op"]
[Site "Denver"]
[Date "2019.04.27"]
[Round "3"]
[White "Montgomery, Eamon"]
[Black "Langseth, Rhett"]
[Result "1-0"]
[WhiteElo "1709"]
[BlackElo "1957"]
[PlyCount "87"]
[EventDate "2019.04.26"]
[EventType "swiss"]
[EventRounds "5"]
[EventCountry "USA"]
[SourceTitle "CBM 190 Extra"]
[Source "ChessBase"]
[SourceDate "2019.07.15"]
[SourceVersion "1"]
[SourceVersionDate "2019.07.15"]
[SourceQuality "1"]

1. d4 d6 2. Nf3 Nf6 3. c4 Nbd7 4. Nc3 e5 5. e4 c6 6. Be2 Be7 7. h3 a6 8. Be3 b5 9. c5 b4 10. cxd6 Bxd6 11. Na4 Qe7 12. 0-0 0-0 13. Re1 Nxe4 14. dxe5 Nxe5 15. Bd4 Ng6 16. Nb6 Bxh3 17. gxh3 Nf4 18. Bf1 Rae8 19. Nc4 Bb8 20. Be5 f5 21. Bxb8 Rxb8 22. Nce5 Qc5 23. Qd4 Qe7 24. Nxc6 Qe8 25. Nxb8 Qg6+ 26. Kh2 Rxb8 27. Qe5 Qb6 28. Qxf4 Qxf2+ 29. Bg2 Rf8 30. Rxe4 fxe4 31. Qxe4 Qxb2 32. Qe6+ Kh8 33. Rd1 Qf2 34. Rd2 Qc5 35. Rd7 Rg8 36. Ne5 h5 37. Nf7+ Kh7 38. Be4+ g6 39. Ng5+ Kh6 40. Nf7+ Kh7 41. Nd6+ Kh6 42. Nf5+ Kg5 43. Qxg8 Kf4 44. Qxg6 1-0

[Event "Colorado-ch Reserve"]
[Site "Lone Tree"]
[Date "2019.04.??"]
[Round "5"]
[White "Langseth, Rhett"]
[Black "Herman, Daniel"]
[Result "1/2-1/2"]
[WhiteElo "1957"]
[BlackElo "1911"]
[PlyCount "152"]
[EventDate "2019.04.05"]
[EventType "tourn"]
[EventRounds "5"]
[EventCountry "USA"]
[SourceTitle "EXT 2020"]
[Source "ChessBase"]
[SourceDate "2019.10.17"]
[SourceVersion "1"]
[SourceVersionDate "2019.10.17"]
[SourceQuality "1"]

1. d4 Nf6 2. Bf4 d5 3. Nf3 c5 4. c3 Nc6 5. e3 Qb6 6. Qc2 Bf5 7. dxc5 Bxc2 8. cxb6 axb6 9. Na3 Be4 10. Bc7 Nd7 11. Nb5 Rc8 12. Rd1 e6 13. Bd3 Bxd3 14. Rxd3 Ra8 15. a3 Ra4 16. Nd6+ Bxd6 17. Bxd6 Nc5 18. Rd1 Ne4 19. Bb4 Nxb4 20. cxb4 Ra8 21. Rc1 0-0 22. Ke2 Rfc8 23. Ne5 Nd6 24. Nd7 b5 25. Rc5 Ne4 26. Nb6 Nxc5 27. bxc5 Rd8 28. Nxa8 Rxa8 29. Kd3 Kf8 30. Ra1 Ke7 31. Kc3 Kd7 32. Kb4 Kc6 33. b3 e5 34. Re1 Rd8 35. Rd1 d4 36. e4 g6 37. g4 f5 38. gxf5 gxf5 39. exf5 Rf8 40. f4 exf4 41. Rxd4 Rxf5 42. Rd6+ Kc7 43. Kxb5 f3 44. Rd1 f2 45. Rf1 b6 46. b4 bxc5 47. bxc5 Kb7 48. a4 Rf3 49. a5 Rf4 50. a6+ Ka7 51. h3 h6 52. h4 h5 53. Ka5 Rf3 54. Kb5 Rf4 55. Kc6 Rf6+ 56. Kd5 Kxa6 57. Ke5 Rf8 58. c6 Kb6 59. Kd6 Rf6+ 60. Ke5 Rf8 61. Kd5 Kc7 62. Ke4 Kxc6 63. Ke3 Kd5 64. Rxf2 Rxf2 65. Kxf2 Ke4 66. Kg3 Ke3 67. Kg2 Kf4 68. Kh3 Kf3 69. Kh2 Kg4 70. Kg2 Kxh4 71. Kh2 Kg4 72. Kg2 h4 73. Kh2 h3 74. Kh1 Kg3 75. Kg1 h2+ 76. Kh1 Kh3 1/2-1/2

[Event "Colorado Challengers"]
[Site "Lone Tree"]
[Date "2016.06.16"]
[Round "4"]
[White "Seidler, Kevin"]
[Black "Langseth, Rhett"]
[Result "0-1"]
[WhiteElo "2124"]
[BlackElo "2107"]
[PlyCount "130"]
[EventDate "2016.06.16"]
[EventType "tourn"]
[EventRounds "5"]
[EventCountry "USA"]
[SourceTitle "EXT 2017"]
[Source "ChessBase"]
[SourceDate "2016.10.25"]
[SourceVersion "1"]
[SourceVersionDate "2016.10.25"]
[SourceQuality "1"]

1. d4 d6 2. c4 e5 3. dxe5 dxe5 4. Qxd8+ Kxd8 5. Nc3 Bb4 6. Bd2 Be6 7. 0-0-0 Nd7 8. e4 Ngf6 9. f3 c6 10. Nh3 Bxh3 11. gxh3 Nh5 12. a3 Be7 13. Rg1 Ke8 14. Kc2 Nf8 15. Ne2 Ne6 16. Bc3 Bf6 17. Ng3 Nhf4 18. Nf5 Rb8 19. c5 g6 20. Nd6+ Ke7 21. b4 Rhd8 22. h4 Bh8 23. Bc4 Rd7 24. Rd2 Rbd8 25. Rgd1 Bf6 26. Nc8+ Ke8 27. Rxd7 Rxd7 28. Rxd7 Kxd7 29. Nd6 b5 30. cxb6 Kxd6 31. bxa7 Nc7 32. b5 cxb5 33. Bxb5 Na8 34. Be8 Bxh4 35. Bxf7 Bf2 36. Bg8 h5 37. Bd2 Bxa7 38. Bxf4 exf4 39. Bf7 g5 40. Bxh5 Nb6 41. Kd3 Kc5 42. Be8 Kd6 43. a4 Nc8 44. h3 Ke5 45. Bd7 Nd6 46. a5 Nb7 47. Ke2 Nxa5 48. Kf1 Kd4 49. Kg2 Ke5 50. Bb5 Bc5 51. Bd3 Bb4 52. Bb1 Kd4 53. Ba2 Nc6 54. Bd5 Ne5 55. Be6 Be1 56. Bf5 Ke3 57. Bg4 Nxg4 58. hxg4 Bc3 59. e5 Bxe5 60. Kh3 Kxf3 61. Kh2 Kxg4 62. Kg2 f3+ 63. Kh1 f2 64. Kg2 Bd4 65. Kf1 Kg3 0-1